| 000 | 00723nam a2200217Ia 4500 | ||
|---|---|---|---|
| 003 | GCL | ||
| 008 | 140319s9999 xx 000 0 ara d | ||
| 040 |
_aGCL / _cGCL |
||
| 082 | 0 | 4 |
_a808.3 _bا ت |
| 100 | 1 | _aنجلاء محمود محرم | |
| 245 | 1 | 0 |
_aتواصل : _bاكتشاف عالم القص - فيض ابداعى - شهادات / _cنجلاء محمود محرم |
| 300 |
_a47 ص ؛ _c16 سم |
||
| 650 | 0 | 4 | _aالقصص العربية |
| 650 | 0 | 4 | _aالاطفال |
| 650 | 0 | 4 | _aالقصص |
| 650 | 0 | 4 | _aالقصص الدينية |
| 650 | 0 | 4 | _aجسم الانسان فى الدين |
| 650 | 0 | 4 | _aالقصة - تاريخ ونقد |
| 650 | 0 | 4 | _aالادب العربى - مجموعات |
| 942 |
_2ddc _cBK |
||
| 999 |
_c57635 _d57635 |
||